000 00606nam a2200181 i 4500
001 110957
003 ES-MaACL
005 20230906185218.0
007 t|
008 061121s1957 sp r ||||1| spa d
080 _a946"1931/39"
100 1 _aNadal, Joaquín María de.
_984796
245 1 0 _aSeia años con Don Francisco Cambó (1930-36)
_b: memorias de un secretario político /
_cJoaquín María de Nadal.
260 _aBarcelona :
_bAlpha,
_c1957.
300 _a343 p. 11 lám. ;
_c22 cm.
651 4 _aEspaña-
_xHistoria-
_y1931-1939, II República.
_98283
852 _aES-MaACL
_jC-12892
_bR.40558
999 _c110957
_d110957